000 00569nam a2200193Ia 4500
003 GCL
008 140319s9999 xx 000 0 ara d
040 _aGCL /
_cGCL
082 0 4 _a822
_bب ز
100 1 _aبرنارد شو
245 1 0 _aالزواج /
_cبرنارد شو
700 1 _aعبدالحليم البشلاوى
260 _a[S.N] :
_bمكتبة مصر
300 _a200 ص
490 _aمكتبة الفنون الدرامية
_v0
650 0 4 _aالادب الانجليزى
650 0 4 _aالمسرحيات الانجليزية
942 _2ddc
_cBK
999 _c34319
_d34319